000 00604nam a22001817a 4500
999 _c7067
_d7067
003 GBCCL
005 20241126110618.0
008 180706b ||||| |||| 00| 0 eng d
020 _a9781445484228
040 _cGBC
082 _a030.9
_bHOF
100 _aHoffmann, Michael and Alexander Krings
_912512
245 _a100 Wonders of the World:
_bFrom manmade masterpieces to breathtaking surprises of nature/
_cMichael Hoffmann and Alexander Krings
260 _aBath:
_bParragon Publishing,
_c2012.
300 _a240p.
650 _aCuriosities and Wonders
_vBuildings
_vMonuments
_912513
942 _2ddc
_cREF